Spasibo za vnimanie : iu︠m︡oristicheskie rasskazy /

Bibliographic Details
Main Author: Laskin, Boris, 1914-1983
Format: Book
Language:Russian
Published: Copenhagen : St. Paul, Minn. : Grafisk Forlag ; EMC Corp., 1972.
Series:Facili letture.

MARC

Tag First Indicator Second Indicator Subfields
LEADER 00000cam a2200000Ia 4500
001 in00001550708
005 20151222090950.0
008 821023s1972 dk a 000 1 rusod
020 |a 8742977703 
035 |a (OCoLC)ocm08886620 
040 |a BTS  |c BTS  |d PIT  |d TXA  |d UtOrBLW 
049 |a TXAM 
090 |a PG3476.L37  |b S6 1972 
100 1 |a Laskin, Boris,  |d 1914-1983. 
245 1 0 |a Spasibo za vnimanie :  |b iu︠m︡oristicheskie rasskazy /  |c Boris Laskin. 
264 1 |a Copenhagen :  |b Grafisk Forlag ;  |a St. Paul, Minn. :  |b EMC Corp.,  |c 1972. 
300 |a 80 pages :  |b illustrations ;  |c 20 cm. 
336 |a text  |b txt  |2 rdacontent 
337 |a unmediated  |b n  |2 rdamedia 
338 |a volume  |b nc  |2 rdacarrier 
490 1 |a Easy readers. B 
830 0 |a Facili letture.  |n B. 
994 |a E0  |b TXA 
948 |a cataloged  |b h  |c 2000/7/14  |d c  |e tchubaryan  |f 2:50:53 pm 
949 |a updated  |b h  |c 2000/7/14  |e tchubaryan  |f 2:50:59 pm 
999 |a MARS 
999 f f |s 86b5de2f-8c29-3dfc-8a30-7b69ff07f7b3  |i 6b621e72-071b-3655-8c38-ea12c2994f97  |t 0 
952 f f |p ric  |a Texas A&M University  |b Rellis Campus  |c Joint Library Facility  |d Remote Storage  |t 0  |e PG3476.L37 S6 1972  |h Library of Congress classification  |i unmediated -- volume  |m A14826335438 
998 f f |a PG3476.L37 S6 1972  |t 0  |l Remote Storage